Statistiken für Deutschland: Geografie mit E

Klicken Sie hier um das Quiz zu spielen!

Allgemein

  • Dieses Quiz wurde 309 mal gespielt
  • Das Durchschnittsergebnis liegt bei 8 aus 16

Antwortstatistiken

HinweisAntwort% Korrekt
Stadt im Ruhrgebiet, zu deren Wahrzeichen die Zeche Zollverein und die Villa Hügel gehörenEssen
99%
2016 fertiggestelltes Konzerthaus in der Hamburger HafenCityElbphilharmonie
93%
Stadt in Ostfriesland, in der die Komiker Otto Waalkes und Karl Dall geboren wurdenEmden
74%
Gebirge an der Grenze zwischen Sachsen und Tschechien, das für Bergbau und Weihnachtsdekorationen bekannt istErzgebirge
70%
Großes Mittelgebirge in Westdeutschland, das für seine als Maare bezeichneten Vulkanseen bekannt istEifel
63%
Nach einem Fluss benannte Landschaft im Westen Niedersachsens, in der die Städte Meppen und Lingen liegenEmsland
59%
Der berühmteste Park Münchens gehört zu den größten städtischen Parkanlagen der WeltEnglischer Garten
59%
Stadt in Thüringen, die für die Wartburg und als Geburtsort von Johann Sebastian Bach bekannt istEisenach
58%
Bildet mit Nürnberg, Fürth und Schwabach eine Metropolregion in FrankenErlangen
53%
In Nordhessen gelegener drittgrößter Stausee Deutschlands, in dem bei Niedrigwasser noch Überreste von untergegangenen Dörfern zu sehen sind{Eder}see
39%
Stadt in Brandenburg, die 1961 durch einen Zusammenschluss von Fürstenberg und Stalinstadt entstand und seit der Wiedervereinigung fast die Hälfte ihrer Bevölkerung verloren hatEisenhüttenstadt
31%
Schleswig-holsteinische Hafenstadt an der Ostsee, in der alle U-Boote der deutschen Marine stationiert sindEckernförde
25%
Schloss im Süden Bayerns, in dem 2015 und 2022 der G7-Gipfel stattfandElmau
25%
Bevor sie sich 1929 mit Barmen und anderen Orten zur Stadt Wuppertal zusammenschloss, hatte diese Stadt über 170.000 EinwohnerElberfeld
21%
Mit 816 Metern der höchste Berg des Hunsrücks sowie des Landes Rheinland-Pfalz{Erbes}kopf
14%
Halbinsel an der Nordseeküste, an deren Spitze sich der Strand von Sankt Peter-Ording befindetEiderstedt
11%

Verteilung der Resultate

Perzentil nach korrekt beantworteten Fragen

Anzahl Personen mit jedem Resultat

Ihre Resultats-Entwicklung

Sie haben dieses Quiz noch nicht gespielt